000 01479nam a2200277 i 4500
003 DO-SdBNP
005 20230502155018.0
007 ta
008 210421e2020 dr ad||gr||||o001 0 spa d
020 _a9789945621426
040 _aDO-SdBNP
_bspa
_cBNPHU
_erda
041 _hspa
082 4 _bR426g
_222
110 1 _aRepública Dominicana :
_bSalud Pública
_978468
245 1 0 _aGuía nacional de atención a la población adulta con VIH sida /
_cMinisterio de Salud Pública y Asistencia Social (MISPAS)
264 _aSanto Domingo :
_bMIPAS,
_c2020.
300 _a75 páginas ;
_c25 cm.
336 _2rdacontent
_atexto
_btxt
337 _2rdamedia
_asin mediación
_bn
338 _2rdacarrier
_avolumen
_bnc
500 _aIncluye glosario de términos.-- Abreviaturas
504 _aBibliográfia : p. 70-75
505 _aIntroducción.--
_t1.- Objetivos.--
_t2.- Alcance.--
_t3.- Usuarios de esta guía.--
_t4.- Población Diana.--
_t5.- Metodología.--
_t6.- Recomendaciones a seguir para la atención a personas adultas viviendo con VIH
_t7.-Inicio de tratamiento antirretroviral.-
_t8.- Buenas prácticas para el inicio del TARV.-
_t9.- ¿Con quién iniciar?.-
_t10.- Manejo del fallo terapéutico.-
_t11.- Efectos adversos y terapia antirretroviral.-
_t12.- Adherencia al tratamiento.-
_t13.- Infecciones oportunas.-
_t14.- Uso de antirretrovirales para la prevención del VIH
_tVacunas y VIH.-
_tReferencias bibliográficas.
590 _aInventariado, 2023/BT
942 _2ddc
_cLBS1
999 _c49777
_d49777